|
|
|
|
| LEADER |
03370nam a2200529 4500 |
| 001 |
978-3-540-69749-7 |
| 003 |
DE-He213 |
| 005 |
20191218192020.0 |
| 007 |
cr nn 008mamaa |
| 008 |
100715s1999 gw | s |||| 0|eng d |
| 020 |
|
|
|a 9783540697497
|9 978-3-540-69749-7
|
| 024 |
7 |
|
|a 10.1007/3-540-69749-7
|2 doi
|
| 040 |
|
|
|d GrThAP
|
| 050 |
|
4 |
|a TP155-156
|
| 072 |
|
7 |
|a TDC
|2 bicssc
|
| 072 |
|
7 |
|a SCI013060
|2 bisacsh
|
| 072 |
|
7 |
|a TDC
|2 thema
|
| 082 |
0 |
4 |
|a 660
|2 23
|
| 245 |
1 |
0 |
|a Structures and Structure Determination
|h [electronic resource] /
|c edited by Hellmut G. Karge, Jens Weitkamp.
|
| 250 |
|
|
|a 1st ed. 1999.
|
| 264 |
|
1 |
|a Berlin, Heidelberg :
|b Springer Berlin Heidelberg :
|b Imprint: Springer,
|c 1999.
|
| 300 |
|
|
|a IX, 217 p. 75 illus.
|b online resource.
|
| 336 |
|
|
|a text
|b txt
|2 rdacontent
|
| 337 |
|
|
|a computer
|b c
|2 rdamedia
|
| 338 |
|
|
|a online resource
|b cr
|2 rdacarrier
|
| 347 |
|
|
|a text file
|b PDF
|2 rda
|
| 490 |
1 |
|
|a Molecular Sieves, Science and Technology,
|x 1436-8269 ;
|v 2
|
| 505 |
0 |
|
|a Zeolite Structure Determination from X-Ray Diffraction -- Structural Information from Neutron Diffraction -- Electron Microscopy Studies in Molecular Sieve Science -- Structural Distortions and Modulations in Microporous Materials -- Zeolite Type Frameworks: Connectivities, Configurations and Conformations -- Manufacture and Use of Zeolites for Adsorption Processes.
|
| 520 |
|
|
|a Molecular Sieves - Science and Technology will cover, in a comprehensive manner, the science and technology of zeolites and all related microporous and mesoporous materials. Authored by renowned experts, the contributions will be grouped together topically in such a way that each volume of the book series will be dealing with a specific sub-field. Volume 2 covers both the description of the various, complementary techniques for structure determination of microporous and mesoporous matter and their applications illustrated by a large number of pertinent examples. It also deals with general aspects of structures and structure distortions of microporous materials. In summary, Volume 2 provides the researchers in the field of zeolites and related materials with the indispensable knowledge of the great potential of modern methods for structure analysis.
|
| 650 |
|
0 |
|a Chemical engineering.
|
| 650 |
|
0 |
|a Condensed matter.
|
| 650 |
|
0 |
|a Physical chemistry.
|
| 650 |
1 |
4 |
|a Industrial Chemistry/Chemical Engineering.
|0 http://scigraph.springernature.com/things/product-market-codes/C27000
|
| 650 |
2 |
4 |
|a Condensed Matter Physics.
|0 http://scigraph.springernature.com/things/product-market-codes/P25005
|
| 650 |
2 |
4 |
|a Physical Chemistry.
|0 http://scigraph.springernature.com/things/product-market-codes/C21001
|
| 700 |
1 |
|
|a Karge, Hellmut G.
|e editor.
|4 edt
|4 http://id.loc.gov/vocabulary/relators/edt
|
| 700 |
1 |
|
|a Weitkamp, Jens.
|e editor.
|4 edt
|4 http://id.loc.gov/vocabulary/relators/edt
|
| 710 |
2 |
|
|a SpringerLink (Online service)
|
| 773 |
0 |
|
|t Springer eBooks
|
| 776 |
0 |
8 |
|i Printed edition:
|z 9783662308349
|
| 776 |
0 |
8 |
|i Printed edition:
|z 9783662308332
|
| 776 |
0 |
8 |
|i Printed edition:
|z 9783540643333
|
| 830 |
|
0 |
|a Molecular Sieves, Science and Technology,
|x 1436-8269 ;
|v 2
|
| 856 |
4 |
0 |
|u https://doi.org/10.1007/3-540-69749-7
|z Full Text via HEAL-Link
|
| 912 |
|
|
|a ZDB-2-CMS
|
| 912 |
|
|
|a ZDB-2-BAE
|
| 950 |
|
|
|a Chemistry and Materials Science (Springer-11644)
|